|
|
|
|
| LEADER |
01683nam a2200397 a 4500 |
| 001 |
17604 |
| 003 |
BD-DhAAL |
| 005 |
20241217154150.0 |
| 008 |
140507r19941993nyu 000 0aeng d |
| 010 |
|
|
|a 94027087
|
| 020 |
|
|
|a 9780679756774
|
| 020 |
|
|
|a 0679756779
|
| 040 |
|
|
|a DLC
|c DLC
|d DLC
|d BD-DhAAL
|
| 041 |
|
|
|a spa
|
| 043 |
|
|
|a n-us-ny
|a nwpr---
|
| 050 |
1 |
0 |
|a F128.9.P85
|b S27 1994
|
| 082 |
0 |
0 |
|a 974.71004687295
|2 20
|
| 100 |
1 |
|
|a Santiago, Esmeralda.
|9 4403
|
| 245 |
1 |
0 |
|a Cuando era puertorriqueña /
|c Esmeralda Santiago.
|
| 246 |
|
|
|a When I was Puerto Rican
|
| 250 |
|
|
|a First edition.
|
| 260 |
|
|
|a New York :
|b Vintage Books,
|c 1994.
|
| 300 |
|
|
|a 296 pages ;
|c 21 cm
|
| 500 |
|
|
|a Continued by: Almost a woman.
|
| 500 |
|
|
|a Originally published: New York : Addison-Wesley, 1993.
|
| 541 |
|
|
|e 17604, 17605
|
| 600 |
1 |
0 |
|a Santiago, Esmeralda
|x Childhood and youth.
|9 4404
|
| 650 |
|
0 |
|a Puerto Ricans
|z New York (State)
|z New York
|x Biography.
|9 4405
|
| 651 |
|
0 |
|a Puerto Rico
|x Biography.
|9 4406
|
| 651 |
|
0 |
|a New York (N.Y.)
|x Biography.
|9 4407
|
| 700 |
1 |
|
|a Santiago, Esmeralda.
|t Almost a woman.
|9 4408
|
| 852 |
|
|
|a Ayesha Abed Library
|
| 942 |
|
|
|2 ddc
|c BK
|
| 999 |
|
|
|c 14322
|d 14322
|
| 952 |
|
|
|0 0
|1 0
|2 ddc
|4 1
|6 974_714687295000000_SAN
|7 0
|9 24287
|a ENH
|b ENH
|c GEN
|d 2014-05-07
|l 0
|o 974.714687295 SAN
|p 3010017605
|r 2014-05-07
|t 2
|w 2014-05-07
|y BK
|x Departmental-issued damaged books were found in the ENH department for the reason of termites eaten in 2016
|
| 952 |
|
|
|0 0
|1 0
|2 ddc
|4 0
|6 974_710046872950000_SAN
|7 0
|9 24304
|a BRACUL
|b BRACUL
|c GEN
|d 2014-05-08
|l 0
|o 974.71004687295 SAN
|p 3010017604
|r 2014-05-08
|t 1
|w 2014-05-08
|y BK
|x Transferred from ENH to Ayesha Abed library on 20/12/2023
|